000 00255nam a22000977a 4500
999 _c12703
_d12703
082 _a297.64
100 _aProf: Mufti Mohammad Waseem Akram
245 _aSeerat Hazrat Sayadina Ali Al Murtaza
260 _aPakistan
_bMushtaque Book Corner
_c2020
942 _cBK